| 000 | 00420nam a2200145 a 4500 | ||
|---|---|---|---|
| 005 | 20140412111304.0 | ||
| 008 | 001118s19uu xx 00 eng d | ||
| 020 | _a0-86163-387-3 | ||
| 050 |
_aM 808.83 _bL57 1989 |
||
| 245 |
_aA little book of raibow stories / _cillustrated by Ivan Ripley. |
||
| 260 |
_aLondon : _bAward Pub. Ltd, _c1987. |
||
| 300 | _a32 p. ; col. ; ill. | ||
| 650 | _aShort stories | ||
| 999 |
_c103573 _d103573 |
||